Statistics for Rangers Apprentice Horse Quiz

Click here to take the quiz!

General Stats

  • This quiz has been taken 95 times
  • The average score is 5 of 9

Answer Stats

HintAnswer% Correct
Will's HorseTug
100%
Halt's HorseAbelard
83%
Gilan's HorseBlaze
80%
Madelyn's horseBumper
40%
The horse that saved Wills lifeArrow
31%
GenderMare
31%
Crowley's HorseCropper
29%
GenderStallion
29%
GenderStallion
29%

Score Distribution

Percentile by Number Answered

Percent of People with Each Score

Your Score History

You have not taken this quiz